00474nam a22001577a 450000500170000001000150001702000260003203500140005803700130007208200080008510000190009324500590011226000380017127000830020930000240029220191119174405.0 aENG-126930 c400.00a9788179665152 aEN-110462 bDBAD/PUB a402 aMadhivanan, R. aTholkappiyam and sabdhamani darpana /cby R Madhivanan aChennaibEmerald Publishersc2019 a15A, First Floor, Casa Major Roade600008bChennaiminfo@emeraldpublishers.com axi;315p.c21cm(pbk)